[Event "Wch U20 Girls 19th"]
[Site "Goa"]
[Date "2002.12.09"]
[Round "1"]
[White "Zhao, Xue"]
[Black "Vinuthna, N."]
[Result "1-0"]
[WhiteElo "2367"]
[BlackElo "2089"]
[PlyCount "77"]
[EventDate "2002.12.09"]
[EventType "swiss"]
[EventRounds "13"]
[EventCountry "IND"]
[SourceTitle "CBM 091 Extra"]
[Source "ChessBase"]
[SourceDate "2003.01.09"]
[SourceVersion "1"]
[SourceVersionDate "2003.01.09"]
[SourceQuality "1"]

1. d4 Nf6 2. c4 g6 3. Nc3 Bg7 4. e4 d6 5. Nf3 0-0 6. Be2 Nbd7 7. 0-0 e5 8. Re1 c6 9. Bf1 exd4 10. Nxd4 Ng4 11. Qxg4 Bxd4 12. Be3 Nc5 13. Qf3 Be5 14. h3 Kg7 15. Rad1 Qe7 16. Qe2 Re8 17. Qd2 Kg8 18. Bh6 Ne6 19. f4 Bd4+ 20. Kh1 Bg7 21. Bxg7 Kxg7 22. g3 h5 23. Bg2 a5 24. f5 Nc5 25. Rf1 Qe5 26. Qf2 g5 27. Qd4 f6 28. Qxd6 Bd7 29. Na4 Nxa4 30. Qxe5 Rxe5 31. Rxd7+ Kg8 32. Rxb7 Rd8 33. Rf2 Rd4 34. Rc7 c5 35. Bf3 Rxc4 36. b3 Rc1+ 37. Kg2 Nb6 38. Bxh5 Rd1 39. Bxd1 1-0